[Event "PRVA LIGA CENTRALNE SRBIJE 2015"]
[Site "Kragujevac"]
[Date "2015.09.12"]
[Round "10.1"]
[White "Ristic, Nebojsa M"]
[Black "Kiproski, Branislav"]
[Result "1/2-1/2"]
[WhiteElo "2374"]
[BlackElo "2240"]
[PlyCount "50"]
[EventDate "2015.09.05"]

1. d4 d6 2. c4 e5 3. Nf3 Nc6 4. d5 Nce7 5. e4 f5 6. Nc3 Nf6 7. Bg5 fxe4 8. Nd2
Bf5 9. h4 h6 10. Be3 c6 11. Qb3 Qc7 12. Be2 g6 13. Bd1 Bg7 14. Bc2 Ng4 15.
Ndxe4 Nxe3 16. fxe3 cxd5 17. cxd5 a6 18. g4 Bxe4 19. Bxe4 O-O-O 20. O-O-O Qc5
21. Rde1 Rhf8 22. Re2 h5 23. g5 Nf5 24. Bxf5+ Rxf5 25. Kb1 e4 1/2-1/2

[Event "PRVA LIGA CENTRALNE SRBIJE 2015"]
[Site "Kragujevac"]
[Date "2015.09.12"]
[Round "10.1"]
[White "Baralic, Milan"]
[Black "Radovanovic, Mihajlo"]
[Result "0-1"]
[WhiteElo "2195"]
[BlackElo "2421"]
[PlyCount "48"]
[EventDate "2015.09.05"]

1. d4 Nf6 2. Nf3 e6 3. c4 Bb4+ 4. Bd2 Qe7 5. a3 Bxd2+ 6. Nbxd2 d6 7. e4 e5 8.
dxe5 dxe5 9. Be2 O-O 10. Qc2 a5 11. b3 Nc6 12. O-O Bg4 13. Rfe1 Nd7 14. Qc3
Rfd8 15. Bd1 Nc5 16. Bc2 Ne6 17. Kh1 Ra6 18. Ng1 Qg5 19. Nf1 Nf4 20. g3 Nh3 21.
f3 Bc8 22. Ne2 Qh5 23. Qe3 Nd4 24. Rad1 Rad6 0-1

[Event "PRVA LIGA CENTRALNE SRBIJE 2015"]
[Site "Kragujevac"]
[Date "2015.09.12"]
[Round "10.1"]
[White "Rajkovic, Dusan"]
[Black "Baralic, Nebojsa"]
[Result "1-0"]
[WhiteElo "2367"]
[BlackElo "2244"]
[PlyCount "85"]
[EventDate "2015.09.05"]

1. d4 d5 2. c4 c6 3. Nf3 Nf6 4. Nc3 dxc4 5. a4 Bg4 6. Ne5 Bh5 7. a5 e6 8. Nxc4
Bb4 9. Qb3 Qe7 10. Ra4 Na6 11. e3 O-O 12. Ne5 c5 13. Bb5 Nc7 14. Bc4 Ncd5 15.
O-O Rfd8 16. a6 Nb6 17. axb7 Qxb7 18. Ba6 Qe7 19. Ra1 Rf8 20. Nc6 Qd6 21. Nxb4
cxb4 22. Nb5 Qe7 23. Bd2 Nbd5 24. f3 Rfb8 25. Rfc1 Qd7 26. Qa4 Rb6 27. Rc5 Rc6
28. Rxc6 Qxc6 29. e4 Nc7 30. Nxc7 Qxc7 31. Bxb4 Rb8 32. Bc3 Nd7 33. Qa5 Qxa5
34. Rxa5 Bg6 35. Bb5 Rb7 36. Bc6 Rc7 37. d5 exd5 38. exd5 f6 39. Bd4 Nb8 40.
Ba4 a6 41. Rc5 Rxc5 42. Bxc5 Bf5 43. Ba7 1-0

[Event "PRVA LIGA CENTRALNE SRBIJE 2015"]
[Site "Kragujevac"]
[Date "2015.09.12"]
[Round "10.1"]
[White "Sevic, Slobodan"]
[Black "Todorovic, Goran N"]
[Result "1/2-1/2"]
[WhiteElo "2144"]
[BlackElo "2378"]
[PlyCount "33"]
[EventDate "2015.09.05"]

1. e4 d6 2. d4 Nf6 3. Nc3 g6 4. Nf3 Bg7 5. Bc4 O-O 6. O-O Bg4 7. h3 Bxf3 8.
Qxf3 Nc6 9. Be3 Nd7 10. Rad1 e5 11. dxe5 Ncxe5 12. Qe2 Nxc4 13. Qxc4 a6 14. Bd4
Ne5 15. Bxe5 Bxe5 16. f4 Bxc3 17. Qxc3 1/2-1/2

[Event "PRVA LIGA CENTRALNE SRBIJE 2015"]
[Site "Kragujevac"]
[Date "2015.09.12"]
[Round "10.1"]
[White "Stankovic, Dragan P"]
[Black "Puaca, Goran"]
[Result "0-1"]
[WhiteElo "2254"]
[BlackElo "2147"]
[PlyCount "116"]
[EventDate "2015.09.05"]

1. g3 d5 2. Nf3 Nc6 3. d4 Bg4 4. Bg2 Qd7 5. c4 O-O-O 6. cxd5 Qxd5 7. Nc3 Qa5 8.
d5 e6 9. Nd4 Nb4 10. h3 Bh5 11. Bg5 Be7 12. Qd2 Nxd5 13. Bxd5 Rxd5 14. Bxe7
Nxe7 15. Nxd5 Qxd5 16. Nf3 Bxf3 17. exf3 Qxf3 18. O-O Rd8 19. Qc2 Rd5 20. Rac1
c6 21. Qc3 Qxc3 22. Rxc3 Rd2 23. Rb1 Nd5 24. Rf3 f6 25. a3 Kd7 26. Kf1 c5 27.
Ke1 Rd4 28. Rd1 Re4+ 29. Re3 Ra4 30. Red3 Kc6 31. f4 g6 32. Kf2 b5 33. Rc1 Kd6
34. Rb3 a6 35. Rd3 h5 36. h4 a5 37. Ke2 b4 38. Kd2 e5 39. fxe5+ fxe5 40. Rc4
Kc6 41. Re4 Nb6 42. axb4 axb4 43. b3 Ra2+ 44. Kc1 Nd7 45. g4 Rh2 46. gxh5 gxh5
47. Rxd7 Kxd7 48. Rxe5 Rxh4 49. Rxc5 Kd6 50. Rb5 Kc6 51. Rg5 Kd6 52. Rb5 Kc6
53. Rg5 Rh1+ 54. Kb2 Rh2+ 55. Kb1 h4 56. Rh5 Kd6 57. Rb5 h3 58. Rxb4 Rg2 0-1

[Event "PRVA LIGA CENTRALNE SRBIJE 2015"]
[Site "Kragujevac"]
[Date "2015.09.12"]
[Round "10.2"]
[White "Ninov, Nikolai"]
[Black "Zivkovic, Nemanja"]
[Result "1-0"]
[WhiteElo "2436"]
[BlackElo "2311"]
[PlyCount "71"]
[EventDate "2015.09.05"]

1. e4 c5 2. Nf3 d6 3. d4 cxd4 4. Nxd4 Nf6 5. Nc3 a6 6. Be2 e5 7. Nb3 Be7 8. O-O
O-O 9. Re1 Be6 10. Bf3 Nbd7 11. a4 Qb8 12. Nd2 Rc8 13. Nf1 Bd8 14. Ne3 Ba5 15.
Bd2 Bxc3 16. Bxc3 Rxc3 17. bxc3 Nc5 18. Nf5 Bxf5 19. exf5 e4 20. Be2 Qc8 21. g4
Qc6 22. Qd4 h6 23. Red1 Rd8 24. a5 Qc7 25. h3 Rd7 26. Qe3 Re7 27. Rd2 Re5 28.
c4 Ncd7 29. Rad1 Qxa5 30. Rxd6 Qc7 31. h4 Re7 32. g5 hxg5 33. hxg5 Nh7 34. f6
gxf6 35. gxf6 Ndxf6 36. Rxf6 1-0

[Event "PRVA LIGA CENTRALNE SRBIJE 2015"]
[Site "Kragujevac"]
[Date "2015.09.12"]
[Round "10.2"]
[White "Dimitrijevic, Srdjan"]
[Black "Ostojic, Nikola"]
[Result "1/2-1/2"]
[WhiteElo "2258"]
[BlackElo "2420"]
[PlyCount "25"]
[EventDate "2015.09.05"]

1. d4 Nf6 2. c4 c5 3. d5 g6 4. Nc3 Bg7 5. e4 O-O 6. Nf3 e6 7. Be2 exd5 8. cxd5
d6 9. O-O a6 10. a4 Bg4 11. Nd2 Bxe2 12. Qxe2 Nbd7 13. Nc4 1/2-1/2

[Event "PRVA LIGA CENTRALNE SRBIJE 2015"]
[Site "Kragujevac"]
[Date "2015.09.12"]
[Round "10.2"]
[White "Lukovic, Vladimir"]
[Black "Dinev, Dejan"]
[Result "1-0"]
[WhiteElo "2438"]
[BlackElo "2299"]
[PlyCount "73"]
[EventDate "2015.09.05"]

1. e4 c5 2. Nf3 d6 3. d4 cxd4 4. Qxd4 Nc6 5. Bb5 Bd7 6. Qd3 Nf6 7. O-O g6 8. c4
Bg7 9. Nc3 O-O 10. h3 a6 11. Bxc6 Bxc6 12. Be3 Re8 13. Nd4 Rc8 14. Rac1 Nd7 15.
Qe2 Nc5 16. f3 Bd7 17. Rfd1 f5 18. exf5 gxf5 19. Qd2 f4 20. Bxf4 e5 21. Bg5
exd4 22. Nd5 Re2 23. Qxe2 Qxg5 24. Ne7+ Kf7 25. Nxc8 Bxc8 26. f4 Qf5 27. Re1
Bf6 28. Qe8+ Kg7 29. Re7+ Bxe7 30. Qxe7+ Kg8 31. Qxd6 Ne6 32. Re1 Kf7 33. g4
Qd3 34. f5 Nf8 35. Re7+ Kg8 36. Re8 Qd1+ 37. Kg2 1-0

[Event "PRVA LIGA CENTRALNE SRBIJE 2015"]
[Site "Kragujevac"]
[Date "2015.09.12"]
[Round "10.2"]
[White "Stojiljkovic, Stefan"]
[Black "Zivkovic, Vladislav"]
[Result "1/2-1/2"]
[WhiteElo "2134"]
[BlackElo "2177"]
[PlyCount "115"]
[EventDate "2015.09.05"]

1. e4 c6 2. d4 d5 3. Nd2 dxe4 4. Nxe4 Nf6 5. Nxf6+ exf6 6. Bc4 Qe7+ 7. Qe2 Be6
8. Bxe6 Qxe6 9. Qxe6+ fxe6 10. Bf4 Nd7 11. O-O-O Nb6 12. Nf3 Rd8 13. Rhe1 Kf7
14. Bc7 Rd7 15. Bxb6 axb6 16. Rd3 Bd6 17. g3 b5 18. Nd2 Bc7 19. f4 Bb6 20. Nb3
Rhd8 21. c3 b4 22. Rde3 bxc3 23. bxc3 Re7 24. R3e2 Rde8 25. Nd2 Bc7 26. Ne4 b6
27. Rb2 h6 28. c4 Rd7 29. Rd1 Red8 30. Rbd2 g5 31. fxg5 hxg5 32. Kc2 Kg6 33. h4
gxh4 34. gxh4 Bf4 35. Rf2 e5 36. h5+ Kf7 37. dxe5 fxe5 38. Rh1 Rd4 39. Ng5+ Kf6
40. Nh3 Rd2+ 41. Rxd2 Rxd2+ 42. Kc3 Rxa2 43. Nxf4 exf4 44. h6 Ra8 45. h7 Rh8
46. Rh6+ Ke5 47. Rxc6 Rxh7 48. Rxb6 f3 49. Rb1 Kf4 50. c5 f2 51. Rf1 Ke3 52.
Kc4 Ke2 53. Rxf2+ Kxf2 54. c6 Ke3 55. Kc5 Ke4 56. Kb6 Kd5 57. c7 Rxc7 58. Kxc7
1/2-1/2

[Event "PRVA LIGA CENTRALNE SRBIJE 2015"]
[Site "Kragujevac"]
[Date "2015.09.12"]
[Round "10.3"]
[White "Zajic, Milan"]
[Black "Milosavljevic, Ivan"]
[Result "1-0"]
[WhiteElo "2472"]
[BlackElo "2087"]
[PlyCount "73"]
[EventDate "2015.09.05"]

1. e4 e5 2. Nf3 Nc6 3. Bb5 Bc5 4. O-O d6 5. c3 Bg4 6. d4 Bxf3 7. gxf3 Bb6 8. d5
Nge7 9. f4 O-O 10. dxc6 bxc6 11. Bd3 exf4 12. Bxf4 Ng6 13. Bg3 Qg5 14. Kh1 Rae8
15. Nd2 d5 16. f4 Qh6 17. f5 Ne5 18. Bxe5 Rxe5 19. Nf3 Ree8 20. e5 Be3 21. Qe2
c5 22. Rae1 d4 23. cxd4 cxd4 24. Qg2 c5 25. Re2 Rc8 26. b3 a5 27. Qg4 a4 28. f6
axb3 29. axb3 g6 30. e6 fxe6 31. Qxe6+ Kh8 32. Ne5 Rc7 33. Qd6 Rb7 34. Ng4 Rb6
35. Qxb6 Qh3 36. Rxe3 dxe3 37. f7 1-0

[Event "PRVA LIGA CENTRALNE SRBIJE 2015"]
[Site "Kragujevac"]
[Date "2015.09.12"]
[Round "10.3"]
[White "Djukic, Nebojsa"]
[Black "Radovanovic, Nikola"]
[Result "0-1"]
[WhiteElo "2174"]
[BlackElo "2407"]
[PlyCount "76"]
[EventDate "2015.09.05"]

1. e4 c5 2. c4 Nc6 3. Ne2 Nf6 4. Nbc3 e6 5. d4 cxd4 6. Nxd4 Bb4 7. Nxc6 bxc6 8.
Bd3 e5 9. Bd2 O-O 10. O-O Bc5 11. Qe2 d6 12. Be3 Bd4 13. Bxd4 exd4 14. Nd1 Re8
15. f3 c5 16. Qd2 Qb6 17. Nf2 a5 18. a4 Bd7 19. Bc2 Bc6 20. b3 Re7 21. Rae1
Rae8 22. Nd3 Nd7 23. Rf2 Ne5 24. Rfe2 Ba8 25. Nf2 Ng6 26. Kf1 Qc7 27. g3 Ne5
28. Kg2 f5 29. f4 Nd7 30. Kf1 Qb7 31. g4 fxe4 32. Bxe4 Rxe4 33. Rxe4 Rf8 34.
Qd3 Nf6 35. f5 Nxe4 36. Nxe4 Kh8 37. Qg3 Re8 38. Nf2 Qg2+ 0-1

[Event "PRVA LIGA CENTRALNE SRBIJE 2015"]
[Site "Kragujevac"]
[Date "2015.09.12"]
[Round "10.3"]
[White "Todorovic, Nenad I"]
[Black "Djordjevic, Vuk"]
[Result "1-0"]
[WhiteElo "2197"]
[BlackElo "2209"]
[PlyCount "77"]
[EventDate "2015.09.05"]

1. e4 e6 2. d4 d5 3. Nd2 Nc6 4. Ngf3 Nf6 5. e5 Nd7 6. Bd3 Nb4 7. Be2 c5 8. c3
Nc6 9. Bd3 a5 10. O-O cxd4 11. cxd4 Qb6 12. Nb1 Nxd4 13. Nxd4 Qxd4 14. Nc3 Bc5
15. Nb5 Qxe5 16. Re1 Qf6 17. Nc7+ Kd8 18. Nxa8 Bxf2+ 19. Kh1 Bxe1 20. Qxe1 Qd4
21. Qxa5+ b6 22. Qc3 Qe5 23. Qxe5 Nxe5 24. Bf1 Nd7 25. Be3 e5 26. Nxb6 d4 27.
Nxc8 Kxc8 28. Bf2 Rd8 29. a4 Nf6 30. a5 Kb7 31. a6+ Ka7 32. Re1 Rd5 33. Rxe5
Rxe5 34. Bxd4+ Rc5 35. Bxc5+ Ka8 36. Be2 Ne4 37. Bf3 Kb8 38. a7+ Ka8 39. Bxe4#
1-0

[Event "PRVA LIGA CENTRALNE SRBIJE 2015"]
[Site "Kragujevac"]
[Date "2015.09.12"]
[Round "10.3"]
[White "Ostojic, Nikola M"]
[Black "Cvetanovic, Uros"]
[Result "1/2-1/2"]
[WhiteElo "2043"]
[BlackElo "2230"]
[PlyCount "25"]
[EventDate "2015.09.05"]

1. d4 Nf6 2. c4 e6 3. Nf3 d5 4. Nc3 Be7 5. Bg5 h6 6. Bh4 O-O 7. e3 b6 8. cxd5
Nxd5 9. Bxe7 Qxe7 10. Nxd5 exd5 11. Bd3 Ba6 12. O-O Bxd3 13. Qxd3 1/2-1/2

[Event "PRVA LIGA CENTRALNE SRBIJE 2015"]
[Site "Kragujevac"]
[Date "2015.09.12"]
[Round "10.6"]
[White "Pikula, Dejan"]
[Black "Radibratovic, Predrag"]
[Result "1/2-1/2"]
[WhiteElo "2472"]
[BlackElo "2327"]
[PlyCount "86"]
[EventDate "2015.09.05"]

1. e4 c6 2. d4 d5 3. Nc3 dxe4 4. Nxe4 Bf5 5. Ng3 Bg6 6. h4 h6 7. Nf3 Nd7 8. h5
Bh7 9. Bd3 Bxd3 10. Qxd3 Ngf6 11. Bd2 e6 12. O-O-O Be7 13. Kb1 Qc7 14. Ne4
O-O-O 15. g3 Nxe4 16. Qxe4 Nf6 17. Qe2 Bd6 18. c4 Qe7 19. Ba5 Rd7 20. Ne5 Bxe5
21. dxe5 Rxd1+ 22. Rxd1 Nd7 23. f4 Re8 24. Qe3 b6 25. Bc3 Qc5 26. Qd2 Qe7 27.
Bb4 c5 28. Bc3 Rd8 29. Qe2 Nb8 30. Rd6 Qb7 31. a3 Qh1+ 32. Ka2 Nc6 33. Qd3 Rxd6
34. exd6 Kd7 35. f5 Qxh5 36. fxe6+ fxe6 37. Bxg7 Qf5 38. Qxf5 exf5 39. Bxh6 Ne5
40. Kb3 Nf7 41. Bf4 Nxd6 42. Kc3 a6 43. b3 Nf7 1/2-1/2

[Event "PRVA LIGA CENTRALNE SRBIJE 2015"]
[Site "Kragujevac"]
[Date "2015.09.12"]
[Round "10.6"]
[White "Mrsevic, Miroslav"]
[Black "Brkljaca, Ante"]
[Result "0-1"]
[WhiteElo "2268"]
[BlackElo "2321"]
[PlyCount "68"]
[EventDate "2015.09.05"]

1. e4 e6 2. d3 b5 3. Nf3 Bb7 4. g3 Bc5 5. Bg2 Bb6 6. O-O Ne7 7. a4 bxa4 8. Nc3
a6 9. Be3 Bxe3 10. fxe3 O-O 11. Nxa4 d6 12. b4 Nd7 13. c4 Ng6 14. h4 Nge5 15.
Ng5 h6 16. Nh3 c5 17. Qb3 cxb4 18. Qxb4 Qc7 19. Nf2 Rab8 20. Qa3 f5 21. Nc3 Nc5
22. exf5 Bxg2 23. Kxg2 Rb3 24. Qc1 Ncxd3 25. Nxd3 Nxd3 26. Qd1 Rxc3 27. fxe6
Re8 28. Rxa6 Qb7+ 29. Kh3 Qxa6 30. Qh5 Qc8 31. Qf7+ Kh8 32. Rf6 Nf2+ 33. Kg2
Qa8+ 34. Kf1 Qh1+ 0-1

[Event "PRVA LIGA CENTRALNE SRBIJE 2015"]
[Site "Kragujevac"]
[Date "2015.09.12"]
[Round "10.6"]
[White "Sorgic, Dragan"]
[Black "Kahrovic, Mersid"]
[Result "0-1"]
[WhiteElo "2215"]
[BlackElo "2275"]
[PlyCount "77"]
[EventDate "2015.09.05"]

1. e4 c6 2. d4 d5 3. Nc3 dxe4 4. Nxe4 Bf5 5. Ng3 Bg6 6. Nf3 e6 7. h4 h6 8. Ne5
Bh7 9. Qh5 Qe7 10. Bd3 Bxd3 11. Nxd3 Nf6 12. Qe2 Nbd7 13. Bd2 O-O-O 14. O-O-O
Nb6 15. c3 Qc7 16. Kb1 Bd6 17. Ne5 Bxe5 18. dxe5 Nfd7 19. f4 Kb8 20. h5 Na4 21.
Ne4 Qb6 22. Be3 Ndc5 23. Qc2 Rxd1+ 24. Rxd1 Qxb2+ 25. Qxb2 Nxb2 26. Bxc5 Nxd1
27. Kc2 Nxc3 28. Kxc3 b6 29. Be3 Kc7 30. g4 g6 31. Nf6 Kd8 32. Kd3 Ke7 33. Ke4
c5 34. f5 g5 35. Bd2 Rd8 36. Ke3 Rd4 37. Ne4 Ra4 38. f6+ Kf8 39. Ke2 0-1

[Event "PRVA LIGA CENTRALNE SRBIJE 2015"]
[Site "Kragujevac"]
[Date "2015.09.12"]
[Round "10.6"]
[White "Brajovic, Miroljub"]
[Black "Nikolic, Dragovan"]
[Result "1/2-1/2"]
[WhiteElo "2104"]
[BlackElo "2245"]
[PlyCount "118"]
[EventDate "2015.09.05"]

1. e4 c5 2. Nc3 g6 3. g3 Bg7 4. Bg2 Nc6 5. d3 Nf6 6. Be3 d6 7. h3 e5 8. Qd2 Nd4
9. Nce2 O-O 10. c3 Nxe2 11. Nxe2 b5 12. O-O Rb8 13. f4 exf4 14. Nxf4 Bb7 15.
Nd5 Nxd5 16. exd5 f5 17. d4 c4 18. a3 Qc7 19. Bf4 Rbe8 20. Rfe1 Bc8 21. Re2 Bd7
22. Rae1 Rxe2 23. Rxe2 Re8 24. Bf3 Bf8 25. Rxe8 Bxe8 26. h4 Bf7 27. Qg2 Qe7 28.
Kf1 a5 29. Bg5 Qe8 30. g4 h6 31. Bf4 fxg4 32. Qxg4 Qe7 33. Bd2 Qf6 34. Kg2 Kh7
35. Be4 Kg7 36. Bf4 Be7 37. Qg3 b4 38. axb4 axb4 39. h5 g5 40. Bc1 Bxh5 41. Qh3
Bf7 42. cxb4 Qxd4 43. Qf5 Bf6 44. b5 c3 45. bxc3 Qxc3 46. Qh7+ Kf8 47. Qxh6+
Ke8 48. Bxg5 Qb2+ 49. Kf3 Qb3+ 50. Be3 Qd1+ 51. Kf2 Bd4 52. Bxd4 Qxd4+ 53. Qe3
Qxe3+ 54. Kxe3 Kd7 55. Kd4 Kc7 56. Bf5 Be8 57. Bd3 Kb6 58. Be4 Bxb5 59. Bf5 Bc6
1/2-1/2

[Event "PRVA LIGA CENTRALNE SRBIJE 2015"]
[Site "Kragujevac"]
[Date "2015.09.12"]
[Round "10.6"]
[White "Jovanovic, Sasa M"]
[Black "Vizlina, Branisa"]
[Result "1-0"]
[WhiteElo "2251"]
[BlackElo "2045"]
[PlyCount "77"]
[EventDate "2015.09.05"]

1. Nf3 g6 2. e4 Bg7 3. d4 b6 4. Bc4 Bb7 5. O-O e6 6. d5 Ne7 7. Nc3 exd5 8. exd5
d6 9. Bg5 O-O 10. Re1 f6 11. Bd2 Bc8 12. Nb5 Nd7 13. h3 Ne5 14. Bb3 Kh8 15. Nh2
g5 16. a4 N7g6 17. Nd4 Bd7 18. Qh5 Qc8 19. c3 Rf7 20. Bc2 Kg8 21. b3 Qb7 22.
Nf1 Re8 23. c4 Qc8 24. Ng3 g4 25. Ngf5 gxh3 26. f4 hxg2 27. Kxg2 Bf8 28. fxe5
fxe5 29. Ne6 Bxe6 30. dxe6 Qxe6 31. Kh1 d5 32. Rg1 Rf6 33. Raf1 dxc4 34. Be4
Rd8 35. Bg5 Rxf5 36. Rxf5 Rd4 37. Qf3 Bg7 38. bxc4 Qxc4 39. Rc1 1-0

[Event "PRVA LIGA CENTRALNE SRBIJE 2015"]
[Site "Kragujevac"]
[Date "2015.09.12"]
[Round "10.6"]
[White "Dumic, Marko"]
[Black "Vojinovic, Luka"]
[Result "1-0"]
[WhiteElo "2255"]
[BlackElo "2122"]
[PlyCount "71"]
[EventDate "2015.09.05"]

1. d4 d5 2. Nf3 Nf6 3. c4 c6 4. cxd5 cxd5 5. Nc3 Nc6 6. Bf4 e6 7. e3 Bd6 8.
Bxd6 Qxd6 9. Be2 a6 10. O-O b5 11. Rc1 O-O 12. a4 b4 13. Nb1 e5 14. dxe5 Nxe5
15. Qd4 Ned7 16. Nbd2 Re8 17. Rfd1 Nf8 18. Nc4 Qb8 19. Nce5 Ne6 20. Qh4 Qb6 21.
Ng4 Nxg4 22. Qxg4 Bb7 23. Nd4 Nxd4 24. Qxd4 Qxd4 25. Rxd4 Rac8 26. Rxc8 Rxc8
27. Rxb4 Rc1+ 28. Bf1 Bc8 29. f3 Kf8 30. Kf2 Ke7 31. Bd3 h6 32. Rb6 Kd7 33. a5
Kc7 34. Bxa6 Bxa6 35. Rxa6 Rc2+ 36. Kg3 1-0